000 00789nam a22002177a 4500
010 _aA-790965
020 _a8172741820
_c540.00
035 _aA-790965
037 _bCen Lib / Ret
040 _aDPL
_bEn
082 _a382
_bNAB
100 _aNabhi's
245 _aNabhi's new import-export :
_bpolicy with itc(hs) classification of import export items and procedures alongwith input output & value addition norms /
_cby Nabhi's
260 _aNew Delhi
_bA Nabhi Publicaitons
_c1992-97
270 _aPo Box no. 37
_bNew Delhi
_e110001
300 _a(v 1. 391 ; v 2. various pages)
_b27cm.
650 _a Exports -- Law and legislation -- India.
650 _aTax incentives -- India.
650 _aCustoms administration -- India.
942 _2ddc
_cEN
_h382
_mNAB
999 _c136693
_d136693